000 00556nam a2200121Ia 4500
008 220620s9999||||xx |||||||||||||| ||und||
245 0 _aLearning from Resilience Strategies in Tanzania
_bAn outlook of International Development Challenges
546 _aEnglish[eng]
650 _aChallenges||Development||Donath||Gaborit||International||Learning||Olomi||outlook||Pascaline||Resilience||Strategies||Tanzania
700 _aGaborit, Pascaline||Olomi, Donath
856 _uhttps://library.oapen.org/bitstream/20.500.12657/51903/1/9782875744333.pdf
942 _cEB
999 _c24294
_d24294